MARC

LEADER 00000nam0a2200000 4500
001 253208
005 20231101232824.0
010 |a 5288002444 
035 |a (RuTPU)RU\TPU\book\275594 
090 |a 253208 
100 |a 20140312d1989 k y0rusy50 ca 
101 0 |a rus 
102 |a RU 
105 |a a z 001zy 
200 1 |a Электронная синергетика  |f Ю. Л. Ермолаев, А. Л. Санин  |g Ленинградский политехнический институт им. М. И. Калинина (ЛПИ) 
210 |a Ленинград  |c Изд-во Ленинградского ун-та  |d 1989 
215 |a 248 с.  |c ил. 
320 |a Библиогр.: с. 240-245. 
606 1 |a Электроника  |x Физические основы  |2 stltpush  |3 (RuTPU)RU\TPU\subj\20314  |9 45423 
610 1 |a синергетика 
610 1 |a структуры 
610 1 |a хаос 
610 1 |a диссипация 
610 1 |a резонансы 
610 1 |a неоднородности 
610 1 |a численные методы 
675 |a 621.38:53  |v 3 
700 1 |a Ермолаев  |b Ю. Л. 
701 1 |a Санин  |b А. Л. 
712 0 2 |a Ленинградский политехнический институт им. М. И. Калинина (ЛПИ)  |c (1924-1930, 1940-1990)  |2 stltpush  |3 (RuTPU)RU\TPU\col\2601 
801 1 |a RU  |b 63413507  |c 20140312 
801 2 |a RU  |b 63413507  |c 20140319  |g RCR 
942 |c BK